Toute les races de chien en P (sans image) - Statistiques

Statistiques générales
  • Ce quiz a été pris 8 fois
  • Le résultat moyen est 8 sur 24
Statistiques - réponses
Réponses % Correct
2 Pékinois
100%
11 Pinscher
63%
14 Pitbull ou American pitbull terrier
63%
18 Pointer anglais
50%
9 Petit Lévrier italien
38%
12 Pinscher autrichien à poil court
38%
13 Pinscher nain
38%
19 Poitevin
38%
20 Pomsky
38%
23 Puli
38%
1 Parson Russell Terrier
25%
3 Petit Basset Griffon Vendéen
25%
5 Petit brabançon
25%
6 Petit chien courant suisse
25%
8 Petit chien lion
25%
21 Porcelaine
25%
24 Pumi
25%
4 Petit bleu de Gascogne
13%
7 Petit chien hollandais de chasse au gibier d'eau
13%
10 Petit Münsterländer
13%
15 Podenco canario
13%
16 Podenco ibicenco
13%
17 Podenco portugais
13%
22 Pudelpointer
13%
Aucun quiz correspondant
Distribution des résultats
% des personnes avec chaque résultat
Percentile par nombre de réponses
Votre historique - résultats
Vous n’avez pas pris ce quiz